00541cam a2200145 a 450000100100000000500170001000800410002704000290006808200150009710000480011224501510016026000440031130000260035565000140038100001181220260209080119.0771216s1931 sp b 001 0 spa  aDO-SdBNPbspacLCdBNPHU a465bR696m1 aRodríguez Marín, Francisco,d1855-1943.10aModos adverbiales castizos y bien autorizados que piden lugar en nuestro léxico :ballególos de sus lecturas /bFrancisco Rodríguez Marín. aMadrid :b[Seminario Conciliar],c1931. a178, [2] p. ;c19 cm. 0aEspañol